000
00302nam a22001337a 4500
008
180806b xxu||||| |||| 00| 0 eng d
082
_a
813.52
245
_a
Maternal Child Nursing Care
_c
Wilson,W.H
260
_c
2006
300
_a
2
_f
CD
440
_x
032303702-X
760
_b
3rd
942
_2
ddc
_c
MX
999
_c
46826
_d
46826